Dohled nad pojišťovnictvím ve Spojeném království Velké Británie a Severního Irska a jeho vztah k požadavkům Evropského společenství. 1

Dohľad nad poisťovníctvom vo V. Británii uskutočňuje odbor poisťovníctva Ministerstva priemyslu a obchodu (DTI). Činnosť rozdelená do niekoľkých oblastí: Autorizácia nových poistiteľov. Dohľad nad existujúcimi poistiteľmi. Uskutočňovanie medzinárodného vyjednávania a dohováranie vzájomných vzťahov....

Ausführliche Beschreibung

Gespeichert in:
Bibliographische Detailangaben
1. Verfasser: Lambert, A.
Format: Buchkapitel
Sprache:Tschechisch
Schlagworte:
Tags: Tag hinzufügen
Keine Tags, Fügen Sie das erste Tag hinzu!

MARC

LEADER 00000naa a2200000 4500
001 r024453
005 20221213082915.2
041 0 |a cze 
044 |a CZ 
245 1 0 |a Dohled nad pojišťovnictvím ve Spojeném království Velké Británie a Severního Irska a jeho vztah k požadavkům Evropského společenství. 1  |c A. Lambert 
520 |a Dohľad nad poisťovníctvom vo V. Británii uskutočňuje odbor poisťovníctva Ministerstva priemyslu a obchodu (DTI). Činnosť rozdelená do niekoľkých oblastí: Autorizácia nových poistiteľov. Dohľad nad existujúcimi poistiteľmi. Uskutočňovanie medzinárodného vyjednávania a dohováranie vzájomných vzťahov. Vytváranie novej legislatívy pre uplatnenie tretej generácie smerníc ES. Udržiavanie dialógu v rámci poisťovní V. Británie. Dohľad nad reguláciou sprostredkovateľov. Podrobnosti o dohľade vo V. Británii. 
610 2 0 |a poisťovníctvo 
610 2 0 |a Veľká Británia 
610 2 0 |a poisťovatelia 
610 2 0 |a legislatíva 
610 2 0 |a dozor štátny 
100 1 |a Lambert, A.